| 000 | 01538nam2a22002771 4500 | ||
|---|---|---|---|
| 001 | rc\2203520 | ||
| 005 | 20250623090040.0 | ||
| 035 | _a(NLR Aleph) 006694507 | ||
| 090 |
_a5180010 _c5180010 |
||
| 100 | _a20110829d1978 |||y0rusy50 ca | ||
| 101 | 0 | _arus | |
| 102 | _aRU | ||
| 105 | _ay z ||||| | ||
| 200 | 1 |
_aДикорастущая флора и растительность _f[Отв. ред. П.Л. Горчаковский, Н.Н. Никонова] |
|
| 210 |
_d1978 _aБ. м. |
||
| 215 | _a76 с. | ||
| 461 | 0 |
_1001rc\2203519 _12001#$aОхрана и рациональное использование биологических ресурсов Урала$e(Информ. материалы)$fАН СССР, Урал. науч. центр, Комис. по охране природы$v1 _95180002 _cСвердловск _d1978- _fАН СССР, Урал. науч. центр, Комис. по охране природы _nУНЦ АН СССР _o(Информ. материалы) _tОхрана и рациональное использование биологических ресурсов Урала _v1 |
|
| 606 |
_aРастительные ресурсы _xОхрана _yУрал (вып. 1) _2psbo |
||
| 702 | 1 |
_aНиконова _bН.Н. _4340 |
|
| 702 | 1 |
_4340 _7ca _8rus _aГорчаковский _bП. Л. _f1920-2008 _gПавел Леонидович _9248285 _3RU\NLR\AUTH\770248341 |
|
| 801 | 0 |
_aRU _bNLR _gpsbo |
|
| 801 | 1 |
_aRU _bELAR _2rusmarc |
|
| 852 |
_aNLR _j78-4/21549 |
||
| 942 | _cBOOK | ||
| 980 | _aNB | ||